Strictly series 19 cast - Statistics

General Stats
  • This quiz has been taken 9 times
  • The average score is 10 of 14
Answer Stats
professional celeb job Celeb % Correct
Nikita Kuzmin Gordon's daughter Tilly Ramsay
100%
Amy dowden McFly Tom fletcher
100%
Neil jones actor Nina Wadia
86%
Katya Jones Olympian adam Peaty
71%
Nadiya Bychkova BBC News reader Dan Walker
71%
Karen Hauer Actor Greg Wise
71%
graziano Di Prima Comedian Judi love
71%
Dianne Buswell comedy actor and author Robert Webb
71%
Giovanni Pernice Eastenders WINNER Rose Ayling Ellis
71%
Kai Widdrington Presenter AJ Odudu
57%
Gorka Marquez Actor Katie McGlynn
57%
Alijaz Skorjanec Dragon's Den Sara davies
57%
Oti Mabuse Sports Broadcaster/ Rugby Ugo Monye
57%
Nancy Xu Tv Presenter Rhys Stephenson
43%
No matching quizzes found
Score Distribution
Percent of People with Each Score
Percentile by Number Answered
Your Score History
You have not taken this quiz